[Event "ISR-chT"]
[Site "Israel"]
[Date "2001.02.09"]
[Round "1"]
[White "Gofshtein, Leonid D"]
[Black "Tsesarsky, Ilya"]
[Result "1-0"]
[WhiteElo "2531"]
[BlackElo "2450"]
[Annotator "Tsesarsky,I"]
[PlyCount "51"]
[EventDate "2001.02.??"]
[EventType "team"]
[EventRounds "11"]
[EventCountry "ISR"]
[SourceTitle "CBM 081"]
[Source "ChessBase"]
[SourceDate "2001.03.20"]
[SourceVersion "1"]
[SourceVersionDate "2001.03.20"]
[SourceQuality "1"]

1. d4 Nf6 2. c4 e6 3. Nc3 Bb4 4. f3 d5 5. a3 Bxc3+ 6. bxc3 c5 7. cxd5 exd5 8.
e3 O-O (8... Bf5 $5 {/^b1-h7}) (8... Qc7 $5 9. Ra2 (9. Bd3 $140 cxd4 $1) 9...
Bf5 $132) 9. Bd3 (9. Ne2 b6 10. Ng3 Ba6 11. Bxa6 {White changed BB without
Bf1-d3-a6 tempo loss.} Nxa6 12. O-O Re8 13. Ra2 Nc7 14. Re2 Nb5 15. Qd3 Qd7 16.
Bb2 Rad8 17. Rd1 $132 {1-0 Forintos,G-Szabo,J/EU-chT Hamburg 1965(53)}) 9... b6
10. Ne2 Ba6 {Black must change BB - weakening eventual White Attack on the
kingside.} (10... Bb7 $143 11. O-O (11. Ng3 Re8 12. Rb1 Ba6 13. O-O Bxd3 14.
Qxd3 Nc6 15. Rd1 h5 16. Qf5 g6 17. Qf4 c4 18. e4 $14 {1/2-1/2 Scheffner,
A-Rohde,U/NRW-I 1996/GER 13 (51)}) 11... Re8 12. Ng3 (12. Re1 Nc6 13. Ng3 Qc7
14. Bb2 Rad8 15. Qe2 Qc8 16. Rad1 $14 {1/2-1/2 Steinmacher,J-Stelzer,H/
Waldshut MA ,GER 1991 (31)}) 12... Nc6 13. Bd2 Rc8 14. Qa4 cxd4 15. cxd4 a6 16.
Qb3 $14 {1-0 Euwe,M-Golombek,H/Hastings(2) 1938 (38)}) 11. Ng3 (11. Bxa6 $143
Nxa6 12. Qd3 Qc8 $132 {/\Qb7} (12... Nc7 13. O-O Re8 (13... Qe7 14. Ng3 Rad8
15. Bb2 Rfe8 16. Rae1 Ne6 17. e4 $14 {0-1 Levitt,J-Hartereau,P/FRA jr . 1982
(39)}) 14. Ng3 Ne6 15. Bb2 Rc8 16. Rad1 Qc7 17. Rf2 $132 {0-1 Ammann,W-Gereben,
E/Basel 1970(32)})) ({Worth of attention} 11. Bb1 {but, in my opinion, it is
difficult for White to justify BB exchange avoiding.} Re8 (11... Nc6 12. O-O
Re8 13. Re1 Rc8 14. Ng3 $14 {1-0 Raicevic,I-Cvetkovic,S/Belgrade YUG Op 1987 
(31)}) 12. g4 Nc6 13. Ng3 g6 14. Kf2 cxd4 15. cxd4 Rc8 16. h4 $132 {1/2-1/2
Adianto,U-Garma,C/Genting zt 1995 (42)}) ({Or} 11. Bc2 Nc6 12. O-O Rc8 13. Re1
Re8 14. Bf5 Rc7 15. Bd2 $132 {1/2-1/2 Coret Frasquet,J-Munoz Agullo,F/Ateneo
Mercantil 1992(20)}) 11... Bxd3 $6 {Premature exchange.} ({Much better was} 
11... Re8 $142 $5 12. O-O Qd7 {and here it is not easy for White to improve
pieces locations.} 13. Bxa6 (13. e4 $2 dxe4 14. fxe4 cxd4 15. Bxa6 Nxa6 16.
cxd4 Nxe4 $17) (13. Ra2 Qb7 $1 14. Re2 Bxd3 15. Qxd3 Qa6 16. Qxa6 Nxa6 17. e4
$132) 13... Nxa6 14. Qd3 Qb7 $132 15. Re1 Rad8 $1 $132 (15... Re6 $6 16. e4
Rae8 17. e5 Nd7 18. f4 $36)) 12. Qxd3 Nc6 13. O-O Qd7 14. Bb2 {White's plan is
to prepare and to promote e3-e4 with strong activity in the center and
kingside.} Rfd8 $5 {[%csl Rd4]} ({Possible also} 14... Rfe8 15. e4 dxe4 16.
fxe4 Rad8 17. Rad1 Qg4 18. Qf3 (18. h3 Qg6 $17 {[%csl Re4]}) 18... Qxf3 19.
gxf3 Na5 $14 {[%csl Gd4,Ge4]}) 15. Rad1 Na5 16. e4 Qa4 $6 {Inaccuracy} ({
Much better was} 16... Rac8 $5 17. Bc1 {/\Bg5} Nc4 $5 18. Nf5 (18. Bg5 $2 Nb2
$1) (18. dxc5 Rxc5 $132) 18... cxd4 19. cxd4 Qe6 20. Rfe1 g6 $132) 17. Bc1 $1 {
/\Bg5} h6 $2 $16 {Serious mistake} ({In any case, after} 17... Nc4 18. Nf5 Rd7
19. e5 Ne8 20. f4 $36) ({or after} 17... cxd4 18. cxd4 {White has strong
Attack.} (18. Bg5 $6 dxe4 19. Nxe4 Nxe4 $1 20. Bxd8 (20. Qxe4 Re8 21. Qg4 Qxa3
$17) 20... Nxc3 $17) 18... Nc4 (18... Qc4 19. Bg5 $16) 19. Nf5 h6 20. e5 Ne8
21. f4 $36) 18. Nf5 $1 {Now Black can not be protected from threat Bxh6!} cxd4
{[#]} ({or} 18... Nb3 19. Bxh6 gxh6 20. Qe3 Rd7 21. Qxh6 Ne8 22. exd5 $18) 19.
Bxh6 $3 gxh6 $2 $18 {Black in shock} ({Not bad was the only move} 19... Ne8 $1
20. Bg5 f6 21. Bc1 $1 (21. Ne7+ Kf8 22. Ng6+ Kf7 23. exd5 Qxa3 (23... fxg5 24.
Qf5+ (24. f4 g4 25. Qf5+ Nf6 26. Ne5+ Kg8 $11) 24... Nf6 25. Ne5+ Kg8 26. Qe6+
Kh7 27. Rxd4 Qxa3 28. f4 Qxc3 29. Rd3 Qc5+ 30. Kh1 g4 31. Qf5+ Kg8 32. Qe6+ $11
)) 21... dxc3 22. exd5 Qc4 23. Rfe1 $16) ({Badly is} 19... dxe4 $2 20. fxe4
dxc3 21. Qxd8+ Rxd8 22. Rxd8+ Kh7 (22... Ne8 23. Nxg7 Kh7 24. Nxe8 Kxh6 25.
Rf6+ Kg5 (25... Kh7 26. Rxf7+ Kg6 27. Rg7+ Kh6 28. Rd6+ Kh5 29. g4+ Kh4 30.
Rh6#) 26. Rd5+ Kg4 27. h3+ $18) 23. Bxg7 Ne8 24. Bxc3 $18) 20. Qd2 $1 Ne8 21.
Qxh6 {White wins by force.} Rd7 (21... Qxa3 22. Rxd4 Nc4 23. exd5 $18) (21...
Qd7 22. Qg5+ Kf8 23. exd5 Nc4 24. Rxd4 $18) 22. exd5 Nb3 (22... Qc2 23. Qg5+
Kf8 24. Rxd4 $18) 23. Rde1 f6 24. Re7 (24. Ne7+ Kf7 25. Qg6+ Kf8 26. Qg8#)
24... Rxe7 25. Nxe7+ Kf7 26. Re1 1-0

[Event "CUB-ch"]
[Site "Las Tunas"]
[Date "2001.??.??"]
[Round "7"]
[White "Vera Gonzalez Quevedo, Reynaldo"]
[Black "Garcia Martinez, Silvino"]
[Result "1-0"]
[WhiteElo "2530"]
[BlackElo "2375"]
[Annotator "Wells,P"]
[PlyCount "51"]
[EventDate "2001.04.01"]
[EventType "tourn"]
[EventRounds "16"]
[EventCountry "CUB"]
[EventCategory "9"]
[SourceTitle "CBM 083"]
[Source "ChessBase"]
[SourceDate "2001.07.05"]
[SourceVersion "1"]
[SourceVersionDate "2001.07.05"]
[SourceQuality "1"]

1. d4 Nf6 2. c4 e6 3. Nc3 Bb4 4. e3 O-O 5. Bd3 d5 6. Nge2 c5 7. cxd5 exd5 8. a3
Bxc3+ 9. bxc3 b6 10. O-O Ba6 11. Bxa6 Nxa6 12. Qd3 (12. Bb2 $6 Qd7 13. a4 {
was the course of the legendary Botvinnik - Capablanca game which first
brought home to the world the potency of white's central formation even in the
absence of white-squared bishops. In fact black could have spoiled the show
somewhat with} cxd4 14. cxd4 Rfc8 $132 {here. Still, it is about the plan, and
Botvinnik's contribution was immense.}) 12... Nc7 (12... Qc8 $5 13. f3 Qb7 14.
Bd2 Rfe8 15. g4 $1 Nc7 16. Ng3 Qa6 17. Qxa6 Nxa6 18. a4 $1 Nb8 19. a5 Nc6 20.
axb6 axb6 21. Rfb1 $14 {1-0 Chiburdanidze,M-Taimanov,M/Roquebrune 1998/CBM 67 
(62) White's initiative persists into the endgame, and her bishop is as likely
to prove an asset as a liability.}) 13. f3 Ne6 $6 14. Bb2 Rc8 $2 {A serious
but instructive error. It is ALL about holding up e4 until such moment as
counterplay can be organised, and to this end absolutely essential to play} (
14... Re8 $1 15. Ng3 (15. g4 $5) 15... Qd7 16. e4 $2 (16. Rad1 $5) 16... cxd4
17. cxd4 dxe4 18. Nxe4 {Hardly the idea, but} (18. fxe4 Nc5 $1 {will fall
short on compensation for white.}) 18... Nxe4 19. Qxe4 Nc7 $15 {[%csl Rd4,Gd5]}
20. Qd3 Nd5 21. Rfe1 Rxe1+ 22. Rxe1 Re8 23. Re5 f6 24. Rxe8+ Qxe8 {0-1 Tomic,
D-Szabo,L/Vinkovci 1970/MCL (40) With a rather 'pure' example of an unpleasant
IQP ending for white.}) 15. Ng3 Qd7 16. e4 $1 {Now the ...Nc5 trick is but a
detail. Yes, the knight will look active, but the desertion of the king-side
allows white an uncomplicated but pleasingly thematic and decisive sacrifice.}
cxd4 17. cxd4 dxe4 (17... Nf4 18. Qd2 {doesn't help, but of course, however
unpleasant, black should endeavour to keep the f-file closed.}) 18. fxe4 Nc5
19. Qe2 Na4 20. Rxf6 $1 {[%mdl 512]} Nxb2 (20... gxf6 21. Nh5 $1 Kh8 22. Nxf6
Qd6 {[%cal Ye4e5,Gd6c6,Gc6c2,Gc2h7]} (22... Qc6 23. Rf1 {[%cal Ye2h5]}) 23. e5
Qc7 24. Rc1 Qxc1+ 25. Bxc1 Rxc1+ 26. Kf2 $18 {[%cal Ye2h5]}) 21. Nf5 Qe8 (21...
g6 22. Qxb2 gxf5 23. Rxf5 Rc2 24. Qb4 $18) 22. Rf1 Nc4 23. Qg4 g6 24. Nh6+ Kh8
25. Nxf7+ Kg7 26. Nd6 1-0

[Event "Najdorf Memorial 11th"]
[Site "Buenos Aires"]
[Date "2000.09.19"]
[Round "2"]
[White "Milov, Vadim"]
[Black "Polgar, Judit"]
[Result "1/2-1/2"]
[WhiteElo "2626"]
[BlackElo "2656"]
[Annotator "Wells,P"]
[PlyCount "99"]
[EventDate "2000.09.18"]
[EventType "tourn"]
[EventRounds "9"]
[EventCountry "ARG"]
[EventCategory "14"]
[SourceTitle "CBM 080"]
[Source "ChessBase"]
[SourceDate "2001.01.25"]
[SourceVersion "1"]
[SourceVersionDate "2001.01.25"]
[SourceQuality "1"]

1. d4 Nf6 2. c4 e6 3. Nc3 Bb4 4. e3 O-O 5. Bd3 d5 6. a3 Bxc3+ 7. bxc3 dxc4 8.
Bxc4 c5 9. Bd3 {This is Vadim Milov's latest try in an opening system which he
has really made his own.} ({My guess is that Milov has tired of the positions
arising after} 9. Bb2 Qa5 $1 (9... Qc7) (9... Nc6) {when white must choose
between attempting to keep open the option of capture towards the centre with
the rather clumsy and time-consuming} 10. Qd2 ({or acquiescing in the
inconvenient exd4 with} 10. Nf3 cxd4 11. exd4 b6 12. O-O (12. a4 Ba6 13. Nd2
Rc8 14. Bxa6 Qxa6 15. c4 (15. Qe2 $5 {Lautier.}) 15... Nbd7 16. O-O Qa5 17. Re1
Rc7 {with comfortable play for black in Milov,V-Lautier,J/Biel 1996/Inf 67 1-0
(34)}) 12... Ba6 $1 13. Bd3 Rc8 14. Rc1 Bxd3 15. Qxd3 b5 {[%csl Gc4]} 16. Nd2
Nbd7 (16... Qa4 $5) 17. a4 b4 18. c4 Qxa4 19. Ra1 Qc6 $15 {1/2-1/2 Milov,
V-Granda Zuniga,J/Buenos Aires 1996/CBM 53 (60) white clearly has some
compensation for the pawn, but I am a bit sceptical that it sould be enough.})
10... Nbd7 11. Rc1 b5 12. Bd3 Bb7 13. Nf3 Rac8 14. c4 Qxd2+ 15. Kxd2 bxc4 16.
Rxc4 Ne4+ 17. Bxe4 Bxe4 18. Rhc1 Bd5 19. Ra4 $2 Nb6 $17 {0-1 Milov,V-Tiviakov,
S/Buenos Aires Najdorf 1996/CBM 53 (43)}) 9... Qc7 {This move seems to me very
sensible in that it restricts white's options.} ({There is of course nothing
wrong with} 9... Nc6 {either. After} 10. Nf3 Qc7 {however, white can still
choose between} 11. O-O ({but not} 11. e4 $2 cxd4 12. cxd4 Nxd4) ({and} 11. Bb2
e5 {which is covered in the note to 10...Nc6 below.}) 11... e5 12. Qc2 {
which is the old main line,}) 10. Bb2 (10. Nf3 $2 {is of course ruled out due
to} cxd4 11. cxd4 $140 $2 Qc3+ $19) (10. Ne2) 10... b6 $6 {Nothing at all
wrong in principle with playing on the light-squares, but after white's
logical reply, black feels obliged to close the centre after which the move ...
b6 plays just about no role at all.} (10... Nc6 $5 11. Nf3 (11. e4 $6 {might
appear a tempting alternative, but} Qa5 ({stronger than} 11... Qb6 {when} 12.
Rb1 $1 {covers everything due to the tactic} cxd4 $6 13. cxd4 Nxd4 $2 14. e5
$18) 12. Qd2 Rd8 {looks highly inconvenient. If white is forced to play} 13. e5
Nd5 {then the structure is not favourable at the best of times, but without
queens it is dictinctly bad.}) 11... e5 {leads to a highly interesting
position which can really only arise by the 6 a3 move order, since it is the
fact that white has not castled which uniquely gives him time to place his
bishops on b2 and d3. However, whilst it is clearly true that d3 is a more
active square than e2 ( comparing the line 4 e3 0-0 5 Bd3 d5 6 Nf3 c5 7 0-0
Nc6 8 a3 Bxc3 9 bxc3 dxc4 10 Bxc4 Qc7 11 Bb2 e5 12 Be2 ) it is also a more
vulnerable square. It is this that leads me to feel that I would play black
here. Practice seems to support this hunch, although it is to me strange that
black has not headed for this more often.} 12. dxe5 (12. Qc2 $5 cxd4 13. cxd4
e4 $5 14. Bxe4 Nxe4 15. Qxe4 Qa5+ 16. Nd2 Bf5 17. Qf4 Qb5 18. Bc3 Qd3 19. Rc1
Rac8 20. Qf3 Rfe8 21. Nb3 b6 (21... Nxd4 22. Bxd4 (22. Nxd4 Be4) 22... Qxb3 23.
O-O Rxc1 24. Rxc1 $13) 22. Qe2 Nb4 (22... Ne5 $5 23. dxe5 Rxc3 24. Qxd3 Rxd3
25. Nd4 Bg6 $132) 23. Bxb4 Qxb3 24. O-O Bd3 25. Rxc8 Rxc8 26. Qd1 Rc2 27. Re1
$14 {1/2-1/2 Addison,W-Reshevsky,S/Palma de Mallorca 1970/IZT (32)}) 12... Nxe5
13. Nxe5 Qxe5 14. Qc2 {[%cal Yc3c4]} c4 $1 {An excellent thematic light-square
pawn sacrifice the logical consequences of which can be enjoyed some moves
later.} 15. Bxc4 Bf5 16. Qe2 Rac8 17. O-O Ng4 18. g3 Qc5 19. Bd3 (19. Ba2 Ne5
$44 {[%cal Gf5d3,Gf5g4]}) 19... Bxd3 20. Qxd3 Qh5 21. h4 Ne5 22. Qd1 Qf5 {
with easily sufficient play to hold the balance in 1/2-1/2 Milov,V-Lautier,J/
Biel 1997/CBM 60 (31)}) 11. e4 $1 e5 (11... Ba6 12. e5 $5 (12. Nf3 Bxd3 13.
Qxd3 Qb7 $132) 12... Bxd3 $140 $2 13. exf6 $40) 12. d5 c4 13. Bc2 Nbd7 14. Ne2
Nc5 15. Ng3 b5 16. O-O a5 17. Bc1 Ra6 $1 {[%cal Ga6h6]} 18. Rb1 Bd7 19. f4 $6 {
Could this natural break be premature? If so it is a tribute to the splendid
trickery of the world's strongest woman player.} (19. h3 $5 {looks a sensible
preface in view of what is to come.}) 19... Ng4 20. Nf5 {My first thought was
that even if this move might be 'correct' it was one that black might have
been pleased to see, because it does damage white's structure, and give black
the chance to threaten entry into white's position with both her knights.
However, with a highly dubious position, I think Judit has already shown great
resourcefulness, evidenced by the fact that the thematic} (20. h3 $2 {would in
fact leave white clearly worse after} Qa7 $1 ({although not} 20... Nf6 $2 21.
fxe5 Qxe5 22. Bf4 Qxc3 23. Ne2 Qxa3 24. Bc1 Qa2 25. Nc3 $18) ({or} 20... exf4
$2 21. Bxf4 Ne5 (21... Qb6 22. Qd4) 22. d6) 21. Kh1 Nd3 22. Bxd3 (22. hxg4 Nf2+
23. Rxf2 Qxf2 $19) 22... Nf2+ 23. Rxf2 Qxf2 $17 {[%csl Rd3,Rg3]}) ({However
what of} 20. Qf3 $5 {Here black's ( largely tactical ) resources do seem
rather stretched. I can find no good line, eg.} Nd3 (20... Qa7 21. Kh1 Rh6 22.
h3 Rh4 (22... Nd3 23. Bxd3 cxd3 24. f5 $16) 23. Nf5 Bxf5 24. exf5 e4 25. Qg3
$16) 21. Bxd3 cxd3 22. f5 $16) 20... Bxf5 21. exf5 Nf6 22. Rxb5 $6 ({I must
admit I do not see much against} 22. fxe5 $5 Qxe5 23. Rxb5 Rc8 24. Re1 $16)
22... e4 $1 $132 {[%csl Gd3][%cal Gc5d3]} 23. Qd4 Nd3 24. Bxd3 cxd3 25. c4 h5 {
[%csl Gd3,Ge4]} 26. Be3 Qd7 27. h3 h4 28. Rfb1 Re8 29. Rb8 Rxb8 30. Rxb8+ Kh7
31. Qc5 Qxf5 32. Qf8 Kg6 33. Qh8 Nh5 34. Qc8 {This really looks rather
time-scramble like. White's less than convincing chasing after the white king
followed by this apparent change of heart has cost his advantage.} Rd6 35. Qc7
Rf6 36. Rb6 (36. d6 $2 Nxf4 37. d7 Nxg2 $40 {[%cal Gf5f1]}) 36... Kh7 37. Rxf6
Nxf6 38. Qxa5 Qh5 39. Qe1 Ne8 $1 {This looks like a very fine move. To keep
the knight mobile black needs to support the e4 pawn with ...f5. It will still
be possible to stop the c and d pawns on the key light squares c6 and d7.} 40.
Bd2 f5 41. c5 Nf6 42. d6 Qe8 43. Qxh4+ Kg8 44. Qf2 Qa4 45. Bc3 Qc4 46. Bb4 (46.
Bxf6 gxf6 47. d7 Qd5 $11) 46... Kf7 47. Kh2 Ke6 48. Qg3 Kf7 49. Qf2 Ke6 50. Qg3
{Thematically for the Nimzo, black's light-square blockade remains the key!}
1/2-1/2

[Event "San Roque"]
[Site "San Roque"]
[Date "1996.??.??"]
[Round "4"]
[White "Gulko, Boris F"]
[Black "Campora, Daniel Hugo"]
[Result "0-1"]
[WhiteElo "2615"]
[BlackElo "2540"]
[Annotator "Yudasin,L"]
[PlyCount "106"]
[EventDate "1996.02.??"]
[EventType "tourn"]
[EventRounds "9"]
[EventCountry "ESP"]
[EventCategory "11"]
[SourceTitle "CBM 057"]
[Source "ChessBase"]
[SourceDate "1997.04.01"]
[SourceVersion "1"]
[SourceVersionDate "1997.04.01"]
[SourceQuality "1"]

1. d4 Nf6 2. c4 e6 3. Nc3 Bb4 4. e3 O-O 5. Bd3 d5 6. a3 Bxc3+ (6... Be7 $5) (
6... dxc4 7. Bxh7+ (7. Bxc4) 7... Nxh7 8. axb4 c6) 7. bxc3 c5 8. cxd5 exd5 (
8... Nxd5 9. Ne2 Nc6 {-b6} (9... b6 {[%cal Gc8a6]})) 9. Ne2 b6 10. O-O Ba6 11.
f3 Re8 (11... Bxd3 12. Qxd3 Nc6 13. Ng3 $14 {with the idea Bb2-e4+/=}) 12. Ra2
(12. Bxa6 Nxa6 13. Qd3 Nc7 (13... Qc8 $5) 14. Ng3 $14) 12... Qc8 {with the
idea Bxd3 followed by Qa6} 13. Bb1 $5 Nc6 14. Re1 Bc4 15. Rb2 Qa6 $132 16. a4
$1 (16. g4 $5) 16... Rad8 17. g4 $1 Nd7 {with some plans as Nf8-Ne6 putting
pressure on d4 not allowing e4} 18. Nf4 Nf8 19. Rg2 {typical to this type of
positions,when white has a strong pawn center,and his bishops are aimed
against black's king it is normal to transfer the rook to g2 and then advance
the king's side pawns} Qa5 (19... b5 $5) 20. Bd2 Ng6 21. Nxg6 hxg6 22. h4 $40
Qa6 $1 {[%cal Gc4d3] threatening Bd3 exchanging the white squared bishops
after white will have very weak white squares and no attack} 23. Bc1 cxd4 24.
cxd4 Nb4 {again threatening Bd3} 25. Rd2 b5 $1 26. axb5 Qxb5 $132 {[%cal Ga7a1]
now black got good counterplay a pass "a" pawn} 27. e4 {another plan was 27.
Kf2 with Rh1 and h5} dxe4 {if not white will play e5 and then simply advance
the "f" pawn} 28. fxe4 a5 29. Bb2 (29. d5 $2 Nxd5) (29. Qf3 $5 {[%cal Gd2f2,
Gh4h5]}) 29... Qb6 (29... Bd3 $5 30. Bxd3 Nxd3 31. Rxd3 (31. Qe2 $2 Nxe1 $1 (
31... Rb8 $11) 32. Qxb5 Nf3+ 33. Kg2 Nxd2 $17) 31... Qxb2 $15 {[%csl Rd4,Re4,
Rg1,Rg4,Rh4] Xkg1,Xd4,e4,g4.h4}) 30. Qf3 Rd6 31. Kg2 Rf6 32. Qg3 Rfe6 {[%cal
Gc4d5]} 33. Rc1 Qb5 34. Kh2 (34. d5 $2 Nxd5) {[%tqu "En","the Knight on b4 can
stand better,can you find a place for him? this is not easy!","","","b4d5","",
5]} 34... Nd5 $1 {[%cal Gd5f6] Xg4,Xe4} 35. e5 (35. exd5 Re2+) (35. Ba1 Rxe4 $5
36. Bxe4 Rxe4 $44) 35... Rb6 {threatening Qxb2!} 36. Ba3 Qa4 37. Bc5 Rb3 38.
Bc2 $1 (38. Qf2 Ne3 $1 {[%csl Rg4]}) 38... Qa2 39. Qf2 Rb2 40. h5 $1 Nb4 $1 (
40... gxh5 $4 41. Bh7+ Kxh7 42. Rxb2) (40... Bb3 $4 {[%tqu "En","white has a
force very nice win,think about the black king","","","h5g6","",10]} 41. hxg6
$1 fxg6 42. Bxb3 Rxd2 43. Bxd5+ Kh7 {[%tqu "En","if you have not find white's
41 move take a second chance,find now white's move","","","c1h1","",5]} 44. Rh1
$3 Rxf2+ 45. Kg3+ Rh2 46. Rxh2+ Qxh2+ 47. Kxh2 $18) 41. hxg6 fxg6 42. Kg3 Bd5
43. Re2 {[%cal Gc2d1]} Nxc2 44. Rcxc2 (44. Rexc2 Reb8 {[%cal Ga5a3]}) 44...
Qb3+ 45. Kh4 (45. Kh2 Rb1 46. Re3) 45... Rxc2 (45... Rb1 46. Re3 Rh1+ 47. Kg3
$13) 46. Rxc2 a4 $17 47. Rb2 Qc3 48. Rb6 g5+ $1 49. Kxg5 a3 $1 50. Ra6 Qc1+ 51.
Kh4 $6 (51. Qf4 Qh1 (51... Qxf4+ $1 52. Kxf4 a2 53. Bb4 Rc8 {[%cal Gc8c1]} 54.
Bc5 Rb8 $19 {[%cal Gb8b1]}) 52. Bxa3) 51... a2 52. Rxa2 Qh6+ 53. Kg3 g5 0-1

[Event "SWE-ch"]
[Site "Borlange"]
[Date "2014.07.18"]
[Round "7"]
[White "Wiedenkeller, Michael"]
[Black "Cramling, Pia"]
[Result "1-0"]
[WhiteElo "2479"]
[BlackElo "2491"]
[Annotator "Ziegler,A"]
[PlyCount "113"]
[EventDate "2014.07.12"]
[EventType "tourn"]
[EventRounds "9"]
[EventCountry "SWE"]
[EventCategory "10"]
[SourceTitle "CBM 161 Extra"]
[Source "ChessBase"]
[SourceDate "2014.08.29"]
[SourceVersion "1"]
[SourceVersionDate "2014.08.29"]
[SourceQuality "1"]
[WhiteClock "0:04:22"]
[BlackClock "0:01:30"]

1. d4 Nf6 2. c4 e6 3. Nc3 Bb4 4. e3 O-O 5. Bd3 d5 6. Nge2 {A practical choice.}
dxc4 7. Bxc4 c5 (7... e5 $5) 8. O-O Nc6 9. a3 Bxc3 10. bxc3 {[#] An intriguing
position. Normally the knight is on f3. The players were contemplating pros
and cons...} e5 {clearly a good way of expoiting the positioning of the knight
on e2.} 11. Bb2 {A risky move. What if the bishop never comes out?} Qe7 {
good choice.} (11... Qc7 12. Ba2 Rd8 13. Qc2 Bg4 14. Rad1 {is easier for White.
}) 12. Ba2 {perhaps too cautious.} Rd8 {[#]} 13. d5 c4 $1 14. e4 (14. Bxc4 Qc5
15. Ba2 Nxd5 $17) 14... Nxe4 15. Bxc4 {forced.} Na5 16. Ba2 {[#]} b5 ({It
seems like Black did not have to prevent c4 physically.} 16... b6 $1 $17 17. c4
$2 Ba6 18. Rc1 Rac8 19. Qd3 Nd6 {is a disaster for white.}) 17. Ng3 $6 {
White is showing signs of discomfort in the position.} (17. a4 $1 Qb7 18. Ba3
$11) 17... Nxg3 18. hxg3 Nc4 {[#]White's opening strategy has collapsed. Pia
has shown great expertise in the Nimzo in this tournament.} 19. Qe2 Qc7 $6 ({
In the commentators room} 19... Rxd5 $1 {was suggested. The point is that
Black, instead of being materially interested continue with her pursuit on the
White squares:} 20. Bxc4 bxc4 21. Qxc4 Be6 22. Qe2 f6 {And Black will probably
win.}) 20. Rad1 Bb7 21. a4 a6 22. Rfe1 f6 23. d6 Qc6 (23... Rxd6 24. Rxd6 Qxd6
25. axb5 axb5 26. Bxc4+ bxc4 27. Qxc4+ Kh8 {Is better for Black but not
totally hopeless for white.}) 24. f3 Kh8 ({It was due time to hit the d-pawn.} 
24... Rxd6 $17) 25. Bxc4 bxc4 26. a5 Qc5+ $2 {Black is going for the wrong
pawn.} (26... Rxd6) 27. Qe3 Qxa5 28. Ra1 Qb5 29. Ba3 a5 30. Reb1 Qd7 31. Rb6
Bc6 32. Rab1 {[#]White should be able to hold this without to much trouble.} h6
33. Kf2 Rdc8 34. R1b2 Qf5 35. Rd2 Qd7 36. Rdb2 Re8 37. Rb1 f5 (37... e4 $5 {
forcing} 38. f4 {and now the queen is practically stuck at e3.}) 38. Re1 Rac8
39. Ra6 f4 $6 {Black is gambling} 40. gxf4 exf4 41. Qxf4 Rxe1 42. Kxe1 Qb7 43.
Rxa5 Qb1+ 44. Kf2 Qc2+ 45. Kg3 Qxc3 46. Ra7 {[#] After 39..f4?! this was
practically forced. Now White has the upper hand.} Qe1+ $2 47. Kh2 c3 48. Qd4
Rg8 49. Bb4 Qd2 50. Bxc3 Qxd4 51. Bxd4 Kh7 52. Bb6 Rb8 53. Ba5 Rb5 54. Bc3 Kg6
55. Rc7 Ba8 56. Rc8 Rh5+ 57. Kg1 {The game went very fine for Pia until she
overplayed the position. This have (sadly) been he case in many games in the
championship.} 1-0